000
00290nam a22001337a 4500
082
_a
894.812.3
_b
KAL/A
100
_a
KALIDASAN
245
_a
ABHINJANA SAKUNTHALAM
260
_a
KOZHIKODE
_b
MARAR SAHITHYA PRAKASAM
_c
2003
300
_a
240
520
_a
NOVEL
650
_a
NOVEL
942
_c
BK
999
_c
4991
_d
4991